LIBRARY & INFORMATION CENTRE, KCAET, TAVANUR

ONLINE PUBLIC ACCESS CATALOGUE (OPAC)

Contitution of India / (Record no. 3318)

MARC details
000 -LEADER
fixed length control field 00406cam a2200157ua 4500
041 ## - LANGUAGE CODE
Language code of text/sound track or separate title eng
082 ## - DEWEY DECIMAL CLASSIFICATION NUMBER
Classification number 342.020 954
Item number MAN/CO
100 ## - MAIN ENTRY--AUTHOR NAME
Personal name Mangal Chandra, Jain Kagzi .
245 ## - TITLE STATEMENT
Title Contitution of India /
250 ## - EDITION STATEMENT
Edition statement 1 /
260 ## - PUBLICATION, DISTRIBUTION, ETC. (IMPRINT)
Place of publication :
Name of publisher Metropolitan Book Co ,
Year of publication 1961.
300 ## - PHYSICAL DESCRIPTION
Number of Pages 334 ; .
942 ## - ADDED ENTRY ELEMENTS (KOHA)
Koha item type Books
Holdings
Withdrawn status Lost status Damaged status Home library Current library Date acquired Full call number Accession Number Koha item type Cost, normal purchase price
Withdrawn   Damaged KAUAET Central Prison Tavanur 07/04/2012 342.020 954 3013 Books  
Withdrawn   Damaged KAUAET KAUAET 08/11/2019 342.020 954 MAN/CO 3014 Books 10.00
free website counter